Xây dựng thương hiệu nhãn tím Phong Nẫm ở huyện Kế Sách, tỉnh Sóc Trăng : Luận văn Thạc sĩ Kinh tế. Chuyên ngành Quản trị kinh doanh

Mục tiêu chung của nghiên cứu là xây dựng thương hiệu nhãn tím Phong Nẫm ở huyện Kế Sách, tỉnh Sóc Trăng. Bên cạnh đó, đề xuất những giải pháp để thực hiện công tác xây dựng thương hiệu nhãn tím Phong Nẫm....

Volledige beschrijving

Bewaard in:
Bibliografische gegevens
Hoofdauteur: Nguyễn, Thị Bảo Châu
Formaat: Boek
Taal:Undetermined
Gepubliceerd in: Cần Thơ Trường Đại học Cần Thơ 2015
Onderwerpen:
Tags: Voeg label toe
Geen labels, Wees de eerste die dit record labelt!
Thư viện lưu trữ: Trung tâm Học liệu Trường Đại học Cần Thơ
LEADER 01194nam a2200217Ia 4500
001 CTU_198698
008 210402s9999 xx 000 0 und d
082 |a 658.827 
082 |b Ch125 
088 |a 60340102 
100 |a Nguyễn, Thị Bảo Châu 
245 0 |a Xây dựng thương hiệu nhãn tím Phong Nẫm ở huyện Kế Sách, tỉnh Sóc Trăng : 
245 0 |b Luận văn Thạc sĩ Kinh tế. Chuyên ngành Quản trị kinh doanh 
245 0 |c Nguyễn Thị Bảo Châu ; Nguyễn Phú Son (Người hướng dẫn) 
260 |a Cần Thơ 
260 |b Trường Đại học Cần Thơ 
260 |c 2015 
520 |a Mục tiêu chung của nghiên cứu là xây dựng thương hiệu nhãn tím Phong Nẫm ở huyện Kế Sách, tỉnh Sóc Trăng. Bên cạnh đó, đề xuất những giải pháp để thực hiện công tác xây dựng thương hiệu nhãn tím Phong Nẫm. 
650 |a Branding (Marketing),Thương hiệu (Tiếp thị) 
904 |i Mai Minh Khoa, Hải 
980 |a Trung tâm Học liệu Trường Đại học Cần Thơ